[Event "I Festival Spiaggia di Velluto A"]
[Site "Senigallia ITA"]
[Date "2010.07.27"]
[Round "3"]
[White "Simeone, Giulio"]
[Black "Adami, Antonio"]
[Result "1-0"]
[WhiteElo "1911"]
[BlackElo "1698"]
[PlyCount "97"]
[EventDate "2010.07.26"]

1. c4 f5 2. e4 fxe4 3. d3 Nf6 4. dxe4 Nc6 5. Nc3 g6 6. Bg5 Bg7 7. Nf3 d6 8. Qd2
O-O 9. Be2 a6 10. O-O-O Ng4 11. c5 Nxf2 12. Bc4+ Kh8 13. Qxf2 Qe8 14. Nd5 Qd7
15. Qh4 b5 16. cxb6 Rb8 17. Nxe7 Nxe7 18. Bxe7 Rxf3 19. gxf3 Rxb6 20. e5 Qf5
21. Bf6 Qxf3 22. Bxg7+ Kxg7 23. Qe7+ Kh6 24. Qh4+ Kg7 25. Qf6+ Qxf6 26. exf6+
Kxf6 27. Rhf1+ Kg5 28. Rd3 Bf5 29. Rc3 Rb4 30. Bg8 Rh4 31. Rxc7 Rxh2 32. Rxh7
Rc2+ 33. Kd1 Rxb2 34. Rg1+ Kf4 35. Rh4+ Ke5 36. Re1+ Kf6 37. Rd4 Bc2+ 38. Kc1
Rb1+ 39. Kd2 Rxe1 40. Kxe1 Ke5 41. Rd5+ Kf4 42. Rxd6 g5 43. Rxa6 g4 44. Kf2 g3+
45. Kg1 Bd3 46. Rf6+ Kg4 47. a4 Be4 48. a5 Kg5 49. Rb6 1-0

[Event "I Festival Spiaggia di Velluto A"]
[Site "Senigallia ITA"]
[Date "2010.07.27"]
[Round "3"]
[White "Spilli, Andrea"]
[Black "Rago, Riccardo"]
[Result "0-1"]
[WhiteElo "1757"]
[BlackElo "2103"]
[PlyCount "60"]
[EventDate "2010.07.26"]

1. e4 c5 2. Nf3 Nc6 3. d4 cxd4 4. Nxd4 Nf6 5. Nc3 e5 6. Ndb5 d6 7. Bg5 a6 8.
Na3 b5 9. Nd5 Be7 10. Bxf6 Bxf6 11. c3 O-O 12. Nc2 Bg5 13. h4 Bh6 14. g4 Bf4
15. Nce3 Bxe3 16. Nxe3 b4 17. Qd2 bxc3 18. bxc3 Be6 19. Nf5 d5 20. Rd1 d4 21.
f4 Bxf5 22. gxf5 Qb6 23. fxe5 Nxe5 24. Be2 d3 25. Bh5 Rad8 26. Qf4 Qc5 27. Kf1
Qxc3 28. f6 Ng6 29. Qf2 Rd6 30. Bxg6 fxg6 0-1

[Event "I Festival Spiaggia di Velluto A"]
[Site "Senigallia ITA"]
[Date "2010.07.27"]
[Round "3"]
[White "Turazza, Andrea"]
[Black "Rizzardi, Franco"]
[Result "0-1"]
[WhiteElo "1857"]
[BlackElo "2002"]
[PlyCount "120"]
[EventDate "2010.07.26"]

1. Nf3 d5 2. d3 Nf6 3. g3 c5 4. Bg2 Nc6 5. Nbd2 Bf5 6. O-O e6 7. Re1 Be7 8. Nh4
Bg4 9. c3 Qb6 10. Qc2 Nd7 11. e4 dxe4 12. Rxe4 Nf6 13. Nc4 Qa6 14. Re1 O-O 15.
h3 Bh5 16. g4 Nd5 17. Nf3 Bg6 18. Nfe5 Nxe5 19. Nxe5 Rad8 20. Nxg6 hxg6 21. a3
Bd6 22. Bg5 Nf6 23. Rad1 Bb8 24. Qe2 Rd7 25. h4 Qd6 26. h5 Qh2+ 27. Kf1 gxh5
28. Bxf6 gxf6 29. gxh5 f5 30. Qf3 Kh7 31. Bh3 Rfd8 32. Ke2 Qe5+ 33. Kf1 Qf4 34.
Bg2 b6 35. Qxf4 Bxf4 36. Ke2 Kh6 37. Rh1 Bg5 38. Bf1 c4 39. Rh3 cxd3+ 40. Rdxd3
Rxd3 41. Rxd3 Rxd3 42. Kxd3 Kxh5 43. Be2+ Kg6 44. a4 e5 45. Kc4 Bh4 46. f3 Kg5
47. b4 Be1 48. b5 Kf4 49. Kd3 e4+ 50. fxe4 fxe4+ 51. Kd4 f5 52. c4 Bb4 53. Bh5
Bc5+ 54. Kd5 e3 55. a5 Kg3 56. a6 Kf2 57. Kc6 e2 58. Bxe2 Kxe2 59. Kb7 f4 60.
Kxa7 f3 0-1

[Event "I Festival Spiaggia di Velluto A"]
[Site "Senigallia ITA"]
[Date "2010.07.27"]
[Round "3"]
[White "Vesce, Emanuele"]
[Black "Marozzi, Giovanni"]
[Result "1/2-1/2"]
[WhiteElo "1735"]
[BlackElo "1928"]
[PlyCount "69"]
[EventDate "2010.07.26"]

1. e4 c6 2. Nf3 d5 3. Nc3 dxe4 4. Nxe4 Bg4 5. Bc4 e6 6. h3 Bh5 7. Ng3 Bg6 8. h4
Nf6 9. h5 Be4 10. Nxe4 Nxe4 11. Qe2 Nd6 12. Bb3 Nd7 13. d4 h6 14. Bd2 Qe7 15.
O-O-O O-O-O 16. Rhe1 Qf6 17. Ne5 Nb5 18. Ba5 Re8 19. Nxd7 Kxd7 20. d5 Kc8 21.
dxc6 bxc6 22. a4 Nc7 23. Bxc7 Kxc7 24. Qd2 Kb8 25. Re3 Bc5 26. Rf3 Qe7 27. Qf4+
e5 28. Qg4 f5 29. Rxf5 Rhf8 30. Rxf8 Rxf8 31. Rd7 Qf6 32. Qxg7 Qxf2 33. Qg4
Be3+ 34. Kb1 Qf4 35. Qxf4 1/2-1/2

[Event "I Festival Spiaggia di Velluto A"]
[Site "Senigallia ITA"]
[Date "2010.07.28"]
[Round "4"]
[White "Adami, Antonio"]
[Black "Cavezzana, Davide"]
[Result "0-1"]
[WhiteElo "1698"]
[BlackElo "1746"]
[PlyCount "130"]
[EventDate "2010.07.26"]

1. e4 e5 2. d4 exd4 3. Qxd4 Nc6 4. Qe3 d6 5. Bd2 Nf6 6. Nc3 Qe7 7. Bc4 Be6 8.
Bxe6 Qxe6 9. O-O-O O-O-O 10. f3 g6 11. Nge2 Bg7 12. Kb1 Rhe8 13. Nd4 Nxd4 14.
Qxd4 b6 15. Qa4 Kb7 16. Nb5 a6 17. Nd4 Qd7 18. Qb3 Nxe4 19. fxe4 Bxd4 20. Qd5+
Qc6 21. Qxd4 Rxe4 22. Qf6 Rde8 23. Qxf7 Re2 24. Qf3 Rxg2 25. Qxc6+ Kxc6 26. h4
Ree2 27. Kc1 Kd7 28. h5 g5 29. Rhg1 Rxd2 30. Rxg2 Rxg2 31. Rf1 Ke7 32. Re1+ Kf7
33. a4 Rg4 34. b3 Rf4 35. Kd2 Rf5 36. Re4 Re5 37. Rg4 h6 38. Rg1 Rf5 39. Ke3
Ke6 40. Ke4 Rf4+ 41. Kd3 Rh4 42. Re1+ Kd7 43. Ke3 Rxh5 44. Re2 Rh4 45. Kf3 Rf4+
46. Kg3 h5 47. Rh2 h4+ 48. Kh3 a5 49. Rg2 Rf3+ 50. Kh2 Rf5 51. Kh3 Ke6 52. Re2+
Kf6 53. Re8 Kg6 54. Re6+ Rf6 55. Re8 Rf3+ 56. Kg2 Rc3 57. Re2 Kh5 58. Rd2 h3+
59. Kh2 Kh4 60. Kg1 Rg3+ 61. Kh1 Rg2 62. Rd4+ g4 63. Rc4 Rd2 64. Kg1 h2+ 65.
Kh1 Kh3 0-1

[Event "I Festival Spiaggia di Velluto A"]
[Site "Senigallia ITA"]
[Date "2010.07.28"]
[Round "4"]
[White "Bellincampi, Stefano"]
[Black "Raselli, Claudio"]
[Result "1-0"]
[WhiteElo "2047"]
[BlackElo "1953"]
[PlyCount "203"]
[EventDate "2010.07.26"]

1. e4 c5 2. c3 Nf6 3. e5 Nd5 4. Nf3 e6 5. Bc4 d6 6. d4 cxd4 7. cxd4 Be7 8. O-O
O-O 9. Qe2 Nc6 10. Qe4 Nb6 11. Bd3 g6 12. Bh6 f5 13. exf6 Rxf6 14. Nc3 d5 15.
Qe2 Rf7 16. Rad1 Bd7 17. Bb1 Nc4 18. Rfe1 Nd6 19. Qd2 Nf5 20. Bf4 Nh4 21. Ne5
Nxe5 22. Bxe5 Bf6 23. Qe2 Bxe5 24. Qxe5 Qf6 25. Qxf6 Rxf6 26. Rd2 Rc8 27. Nd1
Nf5 28. Bxf5 Rxf5 29. g3 Rff8 30. Ne3 Rc7 31. Ng4 Kf7 32. Ne5+ Ke7 33. Kg2 Rfc8
34. Kf3 Rc2 35. Ke3 Rxd2 36. Kxd2 Bb5 37. Re3 Rf8 38. f3 Rc8 39. h4 Be8 40. Rb3
Rc7 41. Ra3 b6 42. Re3 Ba4 43. b3 Be8 44. Nd3 Kf6 45. Nf4 Bd7 46. Re5 Rc8 47.
Nh3 h6 48. g4 Rh8 49. Nf2 Rc8 50. Nd3 Bb5 51. Ne1 Rc7 52. f4 Rc8 53. Nf3 Bd7
54. Re3 Rc7 55. Re5 Rc8 56. g5+ hxg5 57. hxg5+ Ke7 58. Re1 Rh8 59. Rc1 Kd8 60.
Re1 Ke7 61. Re2 Rh1 62. Rh2 Rxh2+ 63. Nxh2 Kd6 64. Kc3 a5 65. Nf3 Bb5 66. Ne5
Be8 67. Kb2 Ke7 68. Ka3 Kd6 69. b4 axb4+ 70. Kxb4 Ke7 71. Ng4 Kd6 72. Nf6 Bc6
73. a4 Ke7 74. Ng4 Be8 75. Ne5 Kd6 76. a5 bxa5+ 77. Kxa5 Kc7 78. Ka6 Kb8 79.
Kb6 Kc8 80. Ng4 Ba4 81. Ne5 Be8 82. Nd3 Kd7 83. Nc5+ Kd6 84. Nb7+ Kd7 85. Kc5
Ke7 86. Nd6 Ba4 87. Nc8+ Kf7 88. Kd6 Bc2 89. Nb6 Bd3 90. Nd7 Bf5 91. Nc5 Bh3
92. Nb7 Ke8 93. Ke5 Ke7 94. Nd6 Kd7 95. Nf7 Ke7 96. Nh6 Bg2 97. Ng8+ Kf7 98.
Nf6 Ke7 99. Ng4 Bh3 100. Ne3 Kf7 101. Kd6 Kg7 102. Ke7 1-0

[Event "I Festival Spiaggia di Velluto A"]
[Site "Senigallia ITA"]
[Date "2010.07.28"]
[Round "4"]
[White "Borgiani, Flavio"]
[Black "Belezky, Alexander"]
[Result "0-1"]
[WhiteElo "2194"]
[BlackElo "2440"]
[PlyCount "86"]
[EventDate "2010.07.26"]

1. c4 Nf6 2. Nc3 g6 3. e4 d6 4. d4 Bg7 5. f3 c6 6. Be3 a6 7. Qd2 b5 8. a3 bxc4
9. Bxc4 d5 10. Ba2 dxe4 11. fxe4 Ng4 12. Nf3 Nxe3 13. Qxe3 O-O 14. O-O a5 15.
d5 cxd5 16. Nxd5 Nd7 17. Nd4 Bb7 18. Rad1 e6 19. Nc3 Qb6 20. Na4 Qa7 21. Kh1
Nf6 22. Nc3 Rad8 23. Nc2 Qxe3 24. Nxe3 Nxe4 25. Nxe4 Bxe4 26. b3 Bd3 27. Rf2
Bb5 28. h3 Rxd1+ 29. Nxd1 Rd8 30. Nb2 Bf8 31. a4 Ba6 32. Nc4 Rd1+ 33. Kh2 Bxc4
34. bxc4 Bd6+ 35. g3 Rd3 36. Rg2 Ra3 37. Bb1 Rxa4 38. Bd3 Ra3 39. Rd2 Bb4 40.
Rd1 Ra2+ 41. Kg1 a4 42. Rb1 Bc5+ 43. Kh1 Rd2 0-1

[Event "I Festival Spiaggia di Velluto A"]
[Site "Senigallia ITA"]
[Date "2010.07.28"]
[Round "4"]
[White "Burani, Eugenio"]
[Black "Calza, Gabriele"]
[Result "1/2-1/2"]
[WhiteElo "1947"]
[BlackElo "1992"]
[PlyCount "62"]
[EventDate "2010.07.26"]

1. e4 c5 2. Nf3 e6 3. d4 cxd4 4. Nxd4 Nc6 5. Nc3 Qc7 6. Be2 a6 7. O-O Nf6 8.
Be3 Bb4 9. Bd3 Nxd4 10. Bxd4 Bc5 11. Bxf6 gxf6 12. Qf3 Bd4 13. Rae1 Bxc3 14.
bxc3 Qe5 15. Re3 b5 16. Qe2 Bb7 17. f4 Qc5 18. Rf2 h5 19. Rh3 Ke7 20. f5 Rag8
21. Rxh5 Rxh5 22. Qxh5 exf5 23. Qxf5 Qxc3 24. h4 d6 25. Kh2 Bc8 26. Qd5 Bd7 27.
Rf3 Qe1 28. g3 Qd2+ 29. Kg1 Qe1+ 30. Kg2 Qd2+ 31. Kg1 Qe1+ 1/2-1/2

[Event "I Festival Spiaggia di Velluto A"]
[Site "Senigallia ITA"]
[Date "2010.07.28"]
[Round "4"]
[White "Caruso, Augusto"]
[Black "Gianfelici, Edoardo"]
[Result "1-0"]
[WhiteElo "2263"]
[BlackElo "2065"]
[PlyCount "135"]
[EventDate "2010.07.26"]

1. Nc3 c5 2. Nf3 Nf6 3. e4 d6 4. d4 cxd4 5. Nxd4 g6 6. Be3 Bg7 7. Be2 O-O 8.
Qd2 Nc6 9. O-O-O Ng4 10. Bxg4 Bxg4 11. f3 Be6 12. Nxe6 fxe6 13. h4 Ne5 14. Bd4
Qa5 15. a3 Rac8 16. h5 Nc4 17. Qd3 e5 18. Be3 Nxa3 19. hxg6 hxg6 20. Bg5 Rf7
21. Qd5 b5 22. Rd3 Nc4 23. Qxb5 Qxb5 24. Nxb5 Rb8 25. Rc3 Rxb5 26. Rxc4 Rb7 27.
Rd1 Bf8 28. Rc8 Rh7 29. c4 Kf7 30. Be3 Bh6 31. Bxh6 Rxh6 32. Kc2 Ke6 33. Rg8
Rc7 34. b3 Kf7 35. Ra8 Rh2 36. Rd2 Kf6 37. Kc3 Rh1 38. Ra2 Rc1+ 39. Kd2 Rb1 40.
Kc2 Rg1 41. R2xa7 Rxg2+ 42. Kd3 Rxa7 43. Rxa7 g5 44. b4 Rg3 45. Ke2 g4 46. fxg4
Rxg4 47. Kf3 Rh4 48. b5 Rh3+ 49. Ke2 Rc3 50. Rc7 Rb3 51. Kd2 Kg5 52. Rxe7 Kf4
53. Rd7 Kxe4 54. Rxd6 Kf4 55. Kc2 Rb4 56. Kc3 Rb1 57. b6 e4 58. c5 Ke5 59. Rd8
Ke6 60. Kc4 Kf5 61. Re8 Kf4 62. Kd5 e3 63. Kc6 Kf3 64. b7 e2 65. Kc7 Kf2 66.
b8=Q e1=B 67. Qxb1 Ba5+ 68. Kc6 1-0

[Event "I Festival Spiaggia di Velluto A"]
[Site "Senigallia ITA"]
[Date "2010.07.28"]
[Round "4"]
[White "De Paoli, Emilio"]
[Black "Gorgoglione, Enrico"]
[Result "0-1"]
[WhiteElo "1862"]
[BlackElo "1938"]
[PlyCount "96"]
[EventDate "2010.07.26"]

1. e4 c5 2. Nf3 Qc7 3. Nc3 e6 4. d4 cxd4 5. Nxd4 a6 6. Bd3 Bb4 7. Bd2 Nc6 8.
Nxc6 bxc6 9. Qg4 Kf8 10. O-O Nf6 11. Qh4 Be7 12. Qg3 Qxg3 13. hxg3 d5 14. a3
Bb7 15. e5 Ng4 16. Rae1 h5 17. Nd1 c5 18. c4 Rd8 19. Ba5 Ra8 20. f3 Nh6 21. Ne3
h4 22. g4 g6 23. b4 Kg7 24. f4 d4 25. f5 Bg5 26. Nc2 Nxg4 27. fxe6 fxe6 28.
bxc5 Be3+ 29. Nxe3 Nxe3 30. Rf6 h3 31. Rxg6+ Kf7 32. Rf6+ Ke7 33. gxh3 Rxh3 34.
Rxe3 dxe3 35. c6 Bxc6 36. Bb4+ Kd8 37. Kf1 a5 38. Rf8+ Be8 39. Bg6 Kc7 40. Bd6+
Kd7 41. Be4 e2+ 42. Ke1 Rc8 43. c5 Bh5 44. Rf4 Rg3 45. Kf2 Rg1 46. c6+ Rxc6 47.
Bxc6+ Kxc6 48. Re4 Rf1+ 0-1

[Event "I Festival Spiaggia di Velluto A"]
[Site "Senigallia ITA"]
[Date "4.07.28"]
[Round "4"]
[White "Della Rocca, Giuseppe"]
[Black "Lotti, Fabio"]
[Result "0-1"]
[WhiteElo "1716"]
[BlackElo "2033"]
[PlyCount "132"]
[EventDate "2010.07.26"]

1. c4 e5 2. Nc3 Nf6 3. g3 g6 4. Bg2 Bg7 5. d3 Nc6 6. Nf3 d6 7. O-O O-O 8. Bd2
h6 9. Rb1 a5 10. a3 Be6 11. b4 axb4 12. axb4 Qd7 13. Qc2 Bh3 14. b5 Ne7 15.
Rfd1 Bxg2 16. Kxg2 Nh5 17. Bc1 f5 18. d4 e4 19. Ng1 Qe6 20. b6 Qxc4 21. bxc7
Qxc7 22. Qb3+ Kh8 23. Qxb7 Rfc8 24. Qxc7 Rxc7 25. Rb3 Ra1 26. Bxh6 Rxd1 27.
Bxg7+ Kxg7 28. Nxd1 Kf7 29. Nh3 Ke6 30. e3 Rc2 31. Nc3 Kf6 32. Nf4 Nxf4+ 33.
gxf4 g5 34. fxg5+ Kxg5 35. Nb5 d5 36. Rc3 Rb2 37. Rc5 f4 38. exf4+ Kxf4 39. Nc3
e3 40. Nxd5+ Nxd5 41. Rxd5 Rxf2+ 42. Kg1 Ke4 43. Rd8 Kd3 44. Ra8 Rd2 45. d5 Ke4
46. Re8+ Kf3 47. Rf8+ Ke2 48. Re8 Rxd5 49. Kg2 Rg5+ 50. Kh3 Kd2 51. Kh4 Rg7 52.
Rd8+ Ke1 53. h3 e2 54. Kh5 Rg2 55. h4 Kf1 56. Rf8+ Rf2 57. Re8 e1=Q 58. Rxe1+
Kxe1 59. Kh6 Rg2 60. h5 Kf2 61. Kh7 Kf3 62. h6 Kg4 63. Kh8 Kf5 64. h7 Ra2 65.
Kg7 Ra7+ 66. Kg8 Kg6 0-1

[Event "I Festival Spiaggia di Velluto A"]
[Site "Senigallia ITA"]
[Date "2010.07.28"]
[Round "4"]
[White "Isonzo, David"]
[Black "Frontini, Fabio"]
[Result "1-0"]
[WhiteElo "2357"]
[BlackElo "1965"]
[PlyCount "77"]
[EventDate "2010.07.26"]

1. e4 c6 2. d4 d5 3. Nc3 dxe4 4. Nxe4 Nf6 5. Nxf6+ exf6 6. Bc4 Bd6 7. Qe2+ Qe7
8. Qxe7+ Kxe7 9. Ne2 Nd7 10. Bf4 Bxf4 11. Nxf4 Nb6 12. Bd3 Rd8 13. c3 g6 14.
O-O-O Nd5 15. Nxd5+ Rxd5 16. Be4 Rd6 17. Rhe1 Kf8 18. d5 c5 19. c4 b6 20. Re3
a5 21. Kc2 f5 22. Bd3 Bd7 23. f4 Re8 24. Rxe8+ Kxe8 25. Kc3 Kd8 26. b3 Bc8 27.
a3 Kc7 28. b4 cxb4+ 29. axb4 axb4+ 30. Kxb4 Bd7 31. Ra1 b5 32. Kc5 Rb6 33. Ra7+
Rb7 34. d6+ Kb8 35. Rxb7+ Kxb7 36. cxb5 f6 37. Bc4 g5 38. Bd5+ Kb8 39. b6 1-0

[Event "I Festival Spiaggia di Velluto A"]
[Site "Senigallia ITA"]
[Date "2010.07.28"]
[Round "4"]
[White "Liverani, Matteo"]
[Black "Maggiore, Francesco"]
[Result "0-1"]
[WhiteElo "1842"]
[BlackElo "1767"]
[PlyCount "114"]
[EventDate "2010.07.26"]

1. b3 e5 2. Bb2 Nc6 3. e3 d5 4. Bb5 Bd6 5. f4 Qe7 6. Nf3 Bg4 7. fxe5 Bxe5 8.
Bxe5 Bxf3 9. Qxf3 Qxe5 10. Bxc6+ bxc6 11. O-O Nf6 12. Nc3 O-O 13. Qf4 Rfe8 14.
Qxe5 Rxe5 15. Rf4 Ne4 16. Nxe4 dxe4 17. Kf2 Rd8 18. Ke2 Rde8 19. Raf1 f6 20.
Rf5 Kf7 21. g4 R8e6 22. R1f4 g5 23. Rxe5 Rxe5 24. Rf2 Rc5 25. c4 Ra5 26. a4 Ke6
27. d3 exd3+ 28. Kxd3 f5 29. h3 Re5 30. Rf3 c5 31. a5 Kf6 32. Kc3 Kg6 33. b4
cxb4+ 34. Kxb4 h5 35. c5 a6 36. Kc4 hxg4 37. hxg4 fxg4 38. Rg3 Kh5 39. Kd4 Re7
40. e4 Kh4 41. Rg1 g3 42. e5 c6 43. Ke4 Kg4 44. Rf1 g2 45. Rc1 Rf7 46. Rg1 Kg3
47. e6 Rf1 48. Rxg2+ Kxg2 49. Ke5 g4 50. Kd6 g3 51. Kxc6 Kh2 52. e7 Re1 53. Kd7
g2 54. e8=Q Rxe8 55. Kxe8 g1=Q 56. c6 Qc5 57. Kd7 Qxa5 0-1

[Event "I Festival Spiaggia di Velluto A"]
[Site "Senigallia ITA"]
[Date "2010.07.28"]
[Round "4"]
[White "Maddaloni, Giovanni"]
[Black "Riano', Mirko Alessio"]
[Result "1-0"]
[WhiteElo "1785"]
[BlackElo "1521"]
[PlyCount "47"]
[EventDate "2010.07.26"]

1. e4 e6 2. d4 d5 3. e5 c5 4. c3 Nc6 5. Nf3 Qb6 6. Bd3 cxd4 7. cxd4 Bd7 8. O-O
Nxd4 9. Nbd2 Nc6 10. Qe2 Nge7 11. a3 Ng6 12. g3 Be7 13. b4 f5 14. Nb3 a5 15. b5
Nd8 16. Be3 Qc7 17. Rac1 Qb8 18. Bd4 Bxa3 19. Rc2 O-O 20. Bc5 Bxc5 21. Nxc5 Be8
22. Re1 Bf7 23. Nd7 Qa7 24. b6 1-0

[Event "I Festival Spiaggia di Velluto A"]
[Site "Senigallia ITA"]
[Date "2010.07.28"]
[Round "4"]
[White "Marozzi, Giovanni"]
[Black "Faini, Ivano"]
[Result "1-0"]
[WhiteElo "1928"]
[BlackElo "1688"]
[PlyCount "125"]
[EventDate "2010.07.26"]

1. e4 d5 2. exd5 Qxd5 3. Nc3 Qa5 4. Bc4 Nf6 5. Nf3 Bf5 6. O-O e6 7. d3 c6 8. h3
Bd6 9. Re1 O-O 10. Ne4 Nxe4 11. dxe4 Bg6 12. e5 Be7 13. c3 Qc7 14. Bf4 Nd7 15.
Nd4 Qb6 16. Be3 Qxb2 17. Nxe6 Nxe5 18. Nxf8 Bxf8 19. Qb3 Qa3 20. Bf1 b6 21.
Qxa3 Bxa3 22. Rad1 Bf5 23. Bc1 Bxc1 24. Rxc1 Ng6 25. Bc4 Kf8 26. g4 Nh4 27. Re3
Bg6 28. Kh2 f5 29. Kg3 f4+ 30. Kxf4 Ng2+ 31. Kg5 Nxe3 32. fxe3 Ke7 33. Kf4 Rd8
34. h4 b5 35. Bb3 a5 36. h5 Be8 37. c4 a4 38. Bc2 h6 39. cxb5 cxb5 40. Bf5 Kf6
41. a3 Rb8 42. Rc7 b4 43. e4 Rb5 44. axb4 Rxb4 45. Ra7 Rb5 46. e5+ Rxe5 47.
Ra6+ Re6 48. Rxe6+ Kf7 49. Ra6 Ke7 50. Ke5 Kf8 51. Ra8 Ke7 52. Bc2 Bd7 53. Ra7
Kd8 54. Kd6 Bxg4 55. Ra8+ Bc8 56. Bf5 Ke8 57. Rxc8+ Kf7 58. Ke5 a3 59. Be6+ Ke7
60. Rc7+ Kf8 61. Kd6 g5 62. hxg6 h5 63. g7+ 1-0

[Event "I Festival Spiaggia di Velluto A"]
[Site "Senigallia ITA"]
[Date "2010.07.28"]
[Round "4"]
[White "Marvin, Elio"]
[Black "Simeone, Giulio"]
[Result "0-1"]
[WhiteElo "1712"]
[BlackElo "1911"]
[PlyCount "96"]
[EventDate "2010.07.26"]

1. e4 c6 2. d4 d5 3. e5 Bf5 4. c3 e6 5. Be2 Ne7 6. h3 c5 7. Nf3 Nec6 8. a3 Qb6
9. O-O Be4 10. Nbd2 Bg6 11. dxc5 Bxc5 12. b4 Be7 13. Nb3 Nd7 14. Be3 Qc7 15.
Nbd4 Ncxe5 16. Nxe5 Qxe5 17. Qd2 Qc7 18. Nb5 Qd8 19. f4 O-O 20. Nd4 Nf6 21.
Rac1 Ne4 22. Qb2 Ng3 23. Rfe1 Bh4 24. Bf2 Ne4 25. Bxh4 Qxh4 26. Bg4 Rac8 27.
Rf1 h5 28. Bd1 a6 29. Bb3 Rc7 30. Ne2 Rfc8 31. Rf3 Nd6 32. Rcf1 Be4 33. Rg3 Nc4
34. Qc1 d4 35. Qe1 Qf6 36. Nxd4 Bd5 37. Rg5 Nb6 38. Bxd5 Nxd5 39. Re5 Rxc3 40.
f5 Rc1 41. fxe6 Rxe1 42. exf7+ Qxf7 43. Rfxe1 Rc4 44. Nf3 Nf6 45. Re7 Qd5 46.
R7e5 Qd3 47. R5e3 Qd8 48. Kh1 Qc8 0-1

[Event "I Festival Spiaggia di Velluto A"]
[Site "Senigallia ITA"]
[Date "2010.07.28"]
[Round "4"]
[White "Monducci, Mirko"]
[Black "Marsili, Riccardo"]
[Result "0-1"]
[WhiteElo "1948"]
[BlackElo "1914"]
[PlyCount "106"]
[EventDate "2010.07.26"]

1. d4 Nf6 2. c4 c5 3. d5 e5 4. Nc3 d6 5. e4 Be7 6. f3 Nbd7 7. Bd3 h5 8. Nge2 h4
9. Be3 Nf8 10. Qd2 Ng6 11. Qc2 Nh5 12. g3 O-O 13. Qd2 a6 14. a4 b6 15. Nd1 Rb8
16. b3 Bd7 17. Ndc3 Rb7 18. O-O Bc8 19. Rfb1 a5 20. g4 Nhf4 21. Bxf4 Nxf4 22.
Nxf4 exf4 23. Ra2 Bf6 24. Ne2 g5 25. e5 Bxe5 26. Qc2 Qf6 27. h3 Re7 28. Be4
Rfe8 29. Qd3 Kg7 30. Rc2 Bd7 31. Rd1 Bc8 32. Nc3 Bd4+ 33. Kg2 Bd7 34. Nb1 Bc8
35. Nd2 Qe5 36. Nf1 Rf8 37. Nh2 f5 38. gxf5 Bxf5 39. Bxf5 Qxf5 40. Qxf5 Rxf5
41. Ng4 Rf8 42. Rxd4 cxd4 43. Nf2 Rfe8 44. Ne4 Rxe4 45. fxe4 Rxe4 46. Rb2 d3
47. Kf3 Re3+ 48. Kf2 Rxh3 49. Kg1 Rg3+ 50. Kh1 Re3 51. b4 axb4 52. c5 dxc5 53.
d6 Kf7 0-1

[Event "I Festival Spiaggia di Velluto A"]
[Site "Senigallia ITA"]
[Date "2010.07.28"]
[Round "4"]
[White "Nagni, Marco"]
[Black "Vesce, Emanuele"]
[Result "1-0"]
[WhiteElo "1898"]
[BlackElo "1735"]
[PlyCount "69"]
[EventDate "2010.07.26"]

1. d4 Nf6 2. c4 e5 3. dxe5 Ng4 4. Bf4 g5 5. Bg3 Bg7 6. Nf3 Nc6 7. Nc3 Ngxe5 8.
Nxe5 Nxe5 9. e3 d6 10. Qc2 Be6 11. h4 g4 12. h5 Qd7 13. h6 Bf8 14. Bxe5 dxe5
15. Qe4 Bb4 16. Qxb7 Rd8 17. Be2 Qd2+ 18. Kf1 Qxb2 19. Rb1 Qxc3 20. Qxb4 Qxb4
21. Rxb4 c5 22. Rb7 O-O 23. Rxa7 Bxc4 24. Ke1 Bxe2 25. Kxe2 Ra8 26. Rxa8 Rxa8
27. Ra1 Ra6 28. a4 Rxh6 29. a5 Ra6 30. Kd3 Kf8 31. Kc4 Ke7 32. Kb5 Ra8 33. Kb6
Rb8+ 34. Kc7 Rd8 35. a6 1-0

[Event "I Festival Spiaggia di Velluto A"]
[Site "Senigallia ITA"]
[Date "2010.07.28"]
[Round "4"]
[White "Occhipinti, Giuseppe"]
[Black "Loccisano, Giuseppe"]
[Result "1-0"]
[WhiteElo "1970"]
[BlackElo "1828"]
[PlyCount "57"]
[EventDate "2010.07.26"]

1. e4 e6 2. d4 d5 3. Nc3 Nf6 4. Bg5 dxe4 5. Bxf6 gxf6 6. Nxe4 f5 7. Ng3 Bg7 8.
Nf3 Nc6 9. c3 h5 10. h4 Ne7 11. Ng5 Nd5 12. Nxh5 Bh6 13. c4 Nf6 14. Nxf6+ Qxf6
15. f4 Qe7 16. Qd2 Bd7 17. O-O-O Bc6 18. Qe3 f6 19. Nxe6 Be4 20. d5 Rg8 21. Rg1
Rg4 22. g3 Kd7 23. Be2 Rg6 24. Bh5 Rgg8 25. Nc5+ Kc8 26. Rde1 Qh7 27. Bf3 Re8
28. Bxe4 fxe4 29. Nxe4 1-0

[Event "I Festival Spiaggia di Velluto A"]
[Site "Senigallia ITA"]
[Date "2010.07.28"]
[Round "4"]
[White "Pescatore, Lorenzo"]
[Black "Spilli, Andrea"]
[Result "1/2-1/2"]
[WhiteElo "1980"]
[BlackElo "1757"]
[PlyCount "29"]
[EventDate "2010.07.26"]

1. e4 e5 2. Nf3 f5 3. Nxe5 Qf6 4. d4 d6 5. Nc4 fxe4 6. Ne3 Qg6 7. c4 Nf6 8. Nc3
Be7 9. Ncd5 Nxd5 10. cxd5 Nd7 11. Qc2 O-O 12. g3 Bd8 13. Bg2 Nf6 14. O-O b6 15.
f3 1/2-1/2

[Event "I Festival Spiaggia di Velluto A"]
[Site "Senigallia ITA"]
[Date "2010.07.28"]
[Round "4"]
[White "Rago, Riccardo"]
[Black "Damia, Angelo"]
[Result "0-1"]
[WhiteElo "2103"]
[BlackElo "2281"]
[PlyCount "100"]
[EventDate "2010.07.26"]

1. e4 Nf6 2. e5 Nd5 3. d4 d6 4. Nf3 g6 5. Be2 Bg7 6. exd6 cxd6 7. O-O O-O 8. c4
Nb6 9. Nc3 Nc6 10. Be3 Bg4 11. b3 e6 12. h3 Bxf3 13. Bxf3 d5 14. cxd5 Nxd5 15.
Bxd5 exd5 16. Qd2 Qa5 17. Rfd1 Rac8 18. a3 Ne7 19. b4 Qc7 20. Rac1 Qd7 21. Qa2
Rc7 22. Ne2 Rfc8 23. Rxc7 Rxc7 24. Rc1 Rxc1+ 25. Bxc1 Qc6 26. Qd2 Nf5 27. Bb2
Qc4 28. Kf1 Qa2 29. Qc2 Nd6 30. Nc1 Qc4+ 31. Qd3 Qxd3+ 32. Nxd3 Nc4 33. Bc1
Bxd4 34. Nf4 Nb6 35. Be3 Bxe3 36. fxe3 g5 37. Nh5 Kf8 38. Ke2 Ke7 39. Kd3 Nc4
40. e4 Nxa3 41. exd5 Nb5 42. g4 Nd6 43. Kd4 b6 44. Ng3 a6 45. Ke5 f6+ 46. Kd4
Kf7 47. Nf1 Kg6 48. Ng3 f5 49. gxf5+ Nxf5+ 50. Ke5 Nxg3 0-1

[Event "I Festival Spiaggia di Velluto A"]
[Site "Senigallia ITA"]
[Date "2010.07.28"]
[Round "4"]
[White "Rizzardi, Franco"]
[Black "Foglia, Maurizio"]
[Result "0-1"]
[WhiteElo "2002"]
[BlackElo "2187"]
[PlyCount "74"]
[EventDate "2010.07.26"]

1. e4 c5 2. Nf3 e6 3. Nc3 a6 4. d4 cxd4 5. Nxd4 Qc7 6. Bd3 Nf6 7. O-O d6 8. Kh1
Nbd7 9. f4 Be7 10. Be3 b5 11. Qe2 Bb7 12. Bg1 O-O 13. Rae1 Nc5 14. e5 Ne8 15.
Ne4 Nxd3 16. Qxd3 Qc4 17. Qxc4 bxc4 18. exd6 Nxd6 19. Nc5 Rfb8 20. f5 Bh4 21.
Nxb7 Rxb7 22. g3 Bf6 23. fxe6 Rxb2 24. exf7+ Nxf7 25. Rb1 Rxa2 26. Rb7 Nd6 27.
Rb6 Nb5 28. Nxb5 axb5 29. Rxb5 Rxc2 30. Rc5 h6 31. Rc7 c3 32. Be3 Raa2 33. Bg1
Bd4 34. Re1 Bxg1 35. Kxg1 Rg2+ 36. Kh1 Rxh2+ 37. Kg1 Rhg2+ 0-1

[Event "I Festival Spiaggia di Velluto A"]
[Site "Senigallia ITA"]
[Date "2010.07.28"]
[Round "4"]
[White "Salmoiraghi, Angelo"]
[Black "Rotoni, Matteo"]
[Result "1/2-1/2"]
[WhiteElo "2172"]
[BlackElo "2148"]
[PlyCount "77"]
[EventDate "2010.07.26"]

1. d4 d5 2. c4 Nc6 3. Nc3 dxc4 4. Nf3 Nf6 5. Bg5 Nd5 6. e4 Nxc3 7. bxc3 f6 8.
Bh4 Na5 9. Bxc4 Nxc4 10. Qa4+ c6 11. Qxc4 Qd6 12. O-O Be6 13. Qe2 Bg4 14. Bg3
Qd7 15. Rfd1 h5 16. h3 h4 17. Bh2 Bh5 18. d5 e5 19. dxe6 Qxe6 20. Qe3 Bxf3 21.
Qxf3 Bc5 22. Qf4 Rc8 23. Rd2 g5 24. Qf3 O-O 25. Rad1 Rf7 26. Bd6 Bxd6 27. Rxd6
Qe5 28. R1d4 Kg7 29. Qg4 Re8 30. f3 Qf4 31. Rd7 Qxg4 32. hxg4 Ree7 33. Rd8 Rc7
34. g3 hxg3 35. Kg2 b5 36. Kxg3 Rfe7 37. f4 a5 38. Ra8 Rcd7 39. Kf3 1/2-1/2

[Event "I Festival Spiaggia di Velluto A"]
[Site "Senigallia ITA"]
[Date "2010.07.28"]
[Round "4"]
[White "Schiappoli, Dario"]
[Black "Faini, Marco"]
[Result "1-0"]
[WhiteElo "1944"]
[BlackElo "1936"]
[PlyCount "81"]
[EventDate "2010.07.26"]

1. e4 c5 2. Nf3 d6 3. d4 cxd4 4. Nxd4 Nf6 5. Nc3 a6 6. Bc4 e6 7. Bb3 Be7 8. Be3
Bd7 9. f4 Qc7 10. g4 Nc6 11. g5 Ng8 12. f5 Nxd4 13. Bxd4 e5 14. Nd5 Qa5+ 15.
Bc3 Qd8 16. h4 Bc6 17. Rh3 a5 18. a4 Bf8 19. Qh5 Bxd5 20. Bxd5 Qc7 21. O-O-O g6
22. Qf3 O-O-O 23. Qd3 h6 24. fxg6 fxg6 25. Bxe5 Bg7 26. Be6+ Kb8 27. Bxd6 Rxd6
28. Qxd6 Be5 29. Qd8+ Ka7 30. Bxg8 Qc5 31. Qd5 Bf4+ 32. Kb1 Qb4 33. Rb3 Qe7 34.
Qd4+ Kb8 35. Qxh8 Be5 36. Qh7 Bg7 37. Bd5 b6 38. Rxb6+ Kc8 39. Qg8+ Bf8 40. Rf1
Qc5 41. Qxf8+ 1-0